Complete These Band Names (1980's) Missing Word - Statistics

General Stats
  • This quiz has been taken 156 times
  • The average score is 8 of 20
Answer Stats
# Band Name % Correct
15 {Orchestral} Manoeuvres In The Dark
85%
5 DJ {Jazzy} Jeff and the Fresh Prince
77%
12 Bruce Hornsby and the {Range}
70%
7 Butthole {Surfers}
63%
9 Toad The {Wet} Sprocket
54%
13 Suicidal {Tendencies}
51%
3 The Teardrop {Explodes}
50%
1 Hanoi {Rocks}
47%
19 Inspiral {Carpets}
47%
2 {Matt} Bianco
42%
10 Goombay {Dance} Band
40%
8 Grandmaster Flash and the {Furious} Five
40%
18 Eric B and {Rakim}
29%
16 The Men They Couldn't {Hang}
27%
6 {Rip} Rig and Panic
19%
4 My {Dad} Is Dead
18%
11 {Toto} Coelo
16%
17 Band Of {Holy} Joy
10%
14 Big {Sound} Authority
10%
20 Stitched-Back {Foot} Airman
8%
No matching quizzes found
Score Distribution
Percent of People with Each Score
Percentile by Number Answered
Your Score History
You have not taken this quiz